000 00303 a2200109 4500
001 ART_23954
005 20260410161933.0
008 260409a
245 1 0 _aDe Sócrates a la econometría
100 1 _aRobertson, David
773 0 _tInforme
_g- Año X, Nº 51 (sep. 1978)
_wREV23765
999 _c28756
_d28756